| 000 | 00487nam a2200181 a 4500 | ||
|---|---|---|---|
| 005 | 20140310183301.0 | ||
| 008 | 041208s19uu xx 00 eng d | ||
| 020 | _a8175739037 | ||
| 050 |
_aPZ 7 _b.B964 2004 |
||
| 100 | _aBurnett, Frances Hodgson | ||
| 245 |
_aThe secret garden / _cFrances Hodgson Burnett. |
||
| 260 |
_aIndia : _bTiny Tot Publicatrions, _c2004. |
||
| 300 |
_a256 p. : _c18 cm. |
||
| 600 | _aFiction | ||
| 650 | _aClassics. | ||
| 942 |
_cBK _2lcc |
||
| 999 |
_c20976 _d20976 |
||